000
00253nam a2200097Ia 4500
001
1075838
005
20250827002245.0
008
250824s9999 xx 000 0 und d
245
0
_a
ŞEMSEDDİN SİVASİ
_c
FATİH RAMAZAN SÜER
260
_b
KETEBE YAYINLARI
999
_c
1075838
_d
1075838